| 000 | 00888nmc a2200313 a 4500 | ||
|---|---|---|---|
| 003 | AR-BaBNM | ||
| 005 | 20251128210703.0 | ||
| 008 | 140120s1998 ||||||||||||||000 | spa|| | ||
| 020 | _a950-07-1159-1 | ||
| 040 | _cAR-BaBNM | ||
| 100 | 1 | _aAguinis, Marcos A. | |
| 245 | 1 | 0 |
_aEl combate perpetuo _buna biografía admirable con ritmo de novela |
| 250 | _a2ª ed. | ||
| 260 |
_aBuenos Aires _bSudamericana _c1998 |
||
| 300 |
_a294 p. _eguía de trabajo para el profesor |
||
| 490 | 0 | _aSudamericana joven. Biografía | |
| 600 | 1 | 4 | _aBrown, Guillermo |
| 650 | 4 | _aLITERATURA ARGENTINA | |
| 650 | 4 | _aHISTORIA ARGENTINA | |
| 650 | 4 | _aBIOGRAFIAS | |
| 650 | 4 | _aLITERATURA CONTEMPORANEA | |
| 650 | 4 | _aHISTORIA DE LA ARMADA | |
| 650 | 4 | _aGUERRAS DE LA INDEPENDENCIA | |
| 653 | _aNOVELA HISTORICA | ||
| 655 | _aBIOGRAFIAS | ||
| 800 | 0 | _aCanela | |
| 942 | _cBK | ||
| 998 | _cMARTIN | ||
| 999 |
_c16447 _d16447 |
||